DNA Barcoding and Molecular Phylogeny (Запис № 462002)

МАРК-запис
000 -LEADER
fixed length control field 03916nam a22006015i 4500
001 - CONTROL NUMBER
control field 978-3-030-50075-7
003 - CONTROL NUMBER IDENTIFIER
control field DE-He213
005 - DATE AND TIME OF LATEST TRANSACTION
control field 20200904105805.0
007 - PHYSICAL DESCRIPTION FIXED FIELD--GENERAL INFORMATION
fixed length control field cr nn 008mamaa
008 - FIXED-LENGTH DATA ELEMENTS--GENERAL INFORMATION
fixed length control field 200824s2020 gw | s |||| 0|eng d
020 ## - INTERNATIONAL STANDARD BOOK NUMBER
International Standard Book Number 9783030500757
-- 978-3-030-50075-7
024 7# - OTHER STANDARD IDENTIFIER
Standard number or code 10.1007/978-3-030-50075-7
Source of number or code doi
050 #4 - LIBRARY OF CONGRESS CALL NUMBER
Classification number QL351-352
072 #7 - SUBJECT CATEGORY CODE
Subject category code PSV
Source bicssc
072 #7 - SUBJECT CATEGORY CODE
Subject category code SCI070000
Source bisacsh
072 #7 - SUBJECT CATEGORY CODE
Subject category code PSV
Source thema
072 #7 - SUBJECT CATEGORY CODE
Subject category code PSAB
Source thema
082 04 - DEWEY DECIMAL CLASSIFICATION NUMBER
Classification number 578.012
Edition number 23
245 10 - TITLE STATEMENT
Title DNA Barcoding and Molecular Phylogeny
Medium [electronic resource] /
Statement of responsibility, etc edited by Subrata Trivedi, Hasibur Rehman, Shalini Saggu, Chellasamy Panneerselvam, Sankar K. Ghosh.
250 ## - EDITION STATEMENT
Edition statement 2nd ed. 2020.
264 #1 -
-- Cham :
-- Springer International Publishing :
-- Imprint: Springer,
-- 2020.
300 ## - PHYSICAL DESCRIPTION
Extent VI, 267 p. 41 illus., 23 illus. in color.
Other physical details online resource.
336 ## -
-- text
-- txt
-- rdacontent
337 ## -
-- computer
-- c
-- rdamedia
338 ## -
-- online resource
-- cr
-- rdacarrier
347 ## -
-- text file
-- PDF
-- rda
520 ## - SUMMARY, ETC.
Summary, etc This book presents a comprehensive overview of DNA barcoding and molecular phylogeny, along with a number of case studies. It discusses a number of areas where DNA barcoding can be applied, such as clinical microbiology, especially in relation to infection management; DNA database management; and plant -animal interactions, and also presents valuable information on the DNA barcoding and molecular phylogeny of microbes, algae, elasmobranchs, fishes, birds and ruminant mammals. Furthermore it features unique case studies describing DNA barcoding of reptiles dwelling in Saudi Arabian deserts, genetic variation studies in both wild and hatchery populations of Anabas testudineus, DNA barcoding and molecular phylogeny of Ichthyoplankton and juvenile fishes of Kuantan River in Malaysia, and barcoding and molecular phylogenetic analysis of indigenous bacteria from fishes dwelling in a tropical tidal river. Moreover, since prompt identification and management of invasive species is vital to prevent economic and ecological loss, the book includes a chapter on DNA barcoding of invasive species. Given its scope, this book will appeal not only to researchers, teachers and students around the globe, but also to general readers.
650 #0 - SUBJECT ADDED ENTRY--TOPICAL TERM
Topical term or geographic name as entry element Animal systematics.
650 #0 - SUBJECT ADDED ENTRY--TOPICAL TERM
Topical term or geographic name as entry element Animal taxonomy.
650 #0 - SUBJECT ADDED ENTRY--TOPICAL TERM
Topical term or geographic name as entry element Plant genetics.
650 #0 - SUBJECT ADDED ENTRY--TOPICAL TERM
Topical term or geographic name as entry element Animal genetics.
650 #0 - SUBJECT ADDED ENTRY--TOPICAL TERM
Topical term or geographic name as entry element Microbial genetics.
650 #0 - SUBJECT ADDED ENTRY--TOPICAL TERM
Topical term or geographic name as entry element Microbial genomics.
650 14 - SUBJECT ADDED ENTRY--TOPICAL TERM
Topical term or geographic name as entry element Animal Systematics/Taxonomy/Biogeography.
-- https://scigraph.springernature.com/ontologies/product-market-codes/L2504X
650 24 - SUBJECT ADDED ENTRY--TOPICAL TERM
Topical term or geographic name as entry element Plant Genetics and Genomics.
-- https://scigraph.springernature.com/ontologies/product-market-codes/L32020
650 24 - SUBJECT ADDED ENTRY--TOPICAL TERM
Topical term or geographic name as entry element Animal Genetics and Genomics.
-- https://scigraph.springernature.com/ontologies/product-market-codes/L32030
650 24 - SUBJECT ADDED ENTRY--TOPICAL TERM
Topical term or geographic name as entry element Microbial Genetics and Genomics.
-- https://scigraph.springernature.com/ontologies/product-market-codes/L32010
700 1# - ADDED ENTRY--PERSONAL NAME
Personal name Trivedi, Subrata.
Relator term editor.
Relator code edt
-- http://id.loc.gov/vocabulary/relators/edt
700 1# - ADDED ENTRY--PERSONAL NAME
Personal name Rehman, Hasibur.
Relator term editor.
Relator code edt
-- http://id.loc.gov/vocabulary/relators/edt
700 1# - ADDED ENTRY--PERSONAL NAME
Personal name Saggu, Shalini.
Relator term editor.
Relator code edt
-- http://id.loc.gov/vocabulary/relators/edt
700 1# - ADDED ENTRY--PERSONAL NAME
Personal name Panneerselvam, Chellasamy.
Relator term editor.
Relator code edt
-- http://id.loc.gov/vocabulary/relators/edt
700 1# - ADDED ENTRY--PERSONAL NAME
Personal name Ghosh, Sankar K.
Relator term editor.
Relator code edt
-- http://id.loc.gov/vocabulary/relators/edt
710 2# - ADDED ENTRY--CORPORATE NAME
Corporate name or jurisdiction name as entry element SpringerLink (Online service)
773 0# - HOST ITEM ENTRY
Title Springer Nature eBook
776 08 - ADDITIONAL PHYSICAL FORM ENTRY
Display text Printed edition:
International Standard Book Number 9783030500740
776 08 - ADDITIONAL PHYSICAL FORM ENTRY
Display text Printed edition:
International Standard Book Number 9783030500764
776 08 - ADDITIONAL PHYSICAL FORM ENTRY
Display text Printed edition:
International Standard Book Number 9783030500771
856 40 - ELECTRONIC LOCATION AND ACCESS
Uniform Resource Identifier <a href="https://doi.org/10.1007/978-3-030-50075-7">https://doi.org/10.1007/978-3-030-50075-7</a>
912 ## -
-- ZDB-2-SBL
912 ## -
-- ZDB-2-SXB

Немає доступних примірників.